FIFA World Cup 2026 - England Squad - Statistics

General Stats
  • This quiz has been taken 14 times
  • The average score is 22 of 27
Answer Stats
Team # Position Club/Country Player % Correct
England 7 RW Arsenal FC Bukayo Saka
100%
England 9 ST Bayern Munich Harry Kane
100%
England 5 CB Manchester City John Stones
100%
England 1 GK Everton FC Jordan Pickford
100%
England 10 AM Real Madrid Jude Bellingham
100%
England 11 LW FC Barcelona Marchus Rashford
100%
England 4 CM Arsenal FC Declan Rice
93%
England 18 LW Newcastle United Anthony Gordon
86%
England 16 CM Manchester United Kobbie Mainoo
86%
England 3 LB Manchester City Nico O'Reilly
86%
England 19 ST Aston Villa Ollie Watkins
86%
England 24 RB Chelsea FC Reece James
86%
England Manager Germany Thomas Tuchel
86%
England 13 GK Crystal Palace Dean Henderson
79%
England 21 AM Arsenal FC Eberechi Eze
79%
England 14 DM Brentford FC Jordan Henderson
79%
England 6 CB Manchester City Marc Guéhi
79%
England 15 CB Newcastle United Dan Burn
71%
England 8 CM Nottingham Forest Elliot Anderson
71%
England 2 CB Aston Villa Ezri Konsa
71%
England 22 ST Al-Ahli SFC Ivan Toney
71%
England 23 GK Manchester City James Trafford
71%
England 26 CB Bayer 04 Leverkusen Jarell Quansah
71%
England 17 AM Aston Villa Morgan Rogers
71%
England 12 RB Newcastle United Tino Livramento
71%
England 25 LB Tottenham Hotspur Djed Spence
64%
England 20 RW Arsenal FC Noni Madueke
64%
No matching quizzes found
Score Distribution
Percent of People with Each Score
Percentile by Number Answered
Your Score History
You have not taken this quiz